000
00288nam a22001337a 4500
008
170908b xxu||||| |||| 00| 0 eng d
020
_a
9780762704736
041
_a
eng
080
_2
3RD
_a
91
100
_a
42
101
_a
GJEO
245
_a
KAYAK NAVIGATION
_c
BURCH,D
942
_2
udc
_c
BK
999
_c
26811
_d
26811